| 000 | 00864nmm a2200205 a 4500 | ||
|---|---|---|---|
| 005 | 20210219153856.0 | ||
| 008 | 011002s2000 r 000 0 eng d | ||
| 035 | _aUPN01000112398 | ||
| 049 | _aI | ||
| 050 | 4 |
_aLB1582 M4 _bM4.8 |
|
| 245 | 0 | 0 |
_aMéxico : _bgeografía / _cprogramación Guillermo Cañedo... [et al.] |
| 260 |
_aMéxico : _bVermic, _cc2000 |
||
| 300 |
_a1 disco óptico de computador : _bson., col. : _c4 3/4 plg. |
||
| 538 | _aRequisitos del sistema: Computadora Pentium o superior; 16 Mb. de memoria RAM; Windows 9X o superior Espacio en disco duro para su instalación; Unidad CD-ROM; Monitor VGA 256 colores; Tarjeta de sonido; Mouse. | ||
| 521 | _aRecomendado para educación primaria y secundaria. | ||
| 651 |
_aMEXICO - _xGEOGRAFIA HISTORIA - _vMAPAS. |
||
| 700 |
_aCañedo, Guillermo, _ecoaut. |
||
| 901 | _a183638 | ||
| 905 | _aElectronicos | ||
| 999 |
_c86306 _d86306 |
||